KOHA-Header-6

Engineering Circuit (Record no. 2637)

000 -LEADER
fixed length control field 00281nam a22001337a 4500
082 ## - DEWEY DECIMAL CLASSIFICATION NUMBER
Classification number 621.319
100 ## - MAIN ENTRY--AUTHOR NAME
Personal name Hayt Williams
245 ## - TITLE STATEMENT
Title Engineering Circuit
250 ## - EDITION STATEMENT
Edition statement 6th
260 ## - PUBLICATION, DISTRIBUTION, ETC. (IMPRINT)
Place of publication India
Name of publisher Pearson
Year of publication 2002
300 ## - PHYSICAL DESCRIPTION
Number of Pages 432
650 ## - SUBJECT ADDED ENTRY--TOPICAL TERM
Topical Term Electrical Engineering
942 ## - ADDED ENTRY ELEMENTS (KOHA)
Koha item type Books
Holdings
Withdrawn status Lost status Permanent Location Current Location Date acquired Full call number Accession Number Koha item type
    MAJU MAJU 2019-08-31 621.319 3981 Books

Powered by Koha